| 000 | 00674nam a2200241 a 4500 | ||
|---|---|---|---|
| 008 | |||
| 020 | _a9780723433972 (pbk.) | ||
| 049 | _aMAIN | ||
| 090 |
_aRJ48.5 _bLIS |
||
| 100 | 1 | _aLissauer, Tom. | |
| 245 | 1 | 0 |
_aIllustrated textbook of paediatrics / _bTom Lissauer and Graham Clayden. |
| 260 |
_aLondon : _bMosby, _c2007. |
||
| 300 | _a3rd ed. | ||
| 300 |
_axii, 516 p. : _bcol. ill. ; _c26 cm. |
||
| 500 | _aIncludes index. | ||
| 650 | 1 | _aPaediatrics. | |
| 700 | _aGraham, Cleyden. | ||
| 907 |
_a.b10303467 _b16-02-18 _c16-11-11 |
||
| 003 | |||
| 005 | 20230120204105.0 | ||
| 040 | _cNUST | ||
| 942 |
_cBOOKS _kRJ48.5 _mLIS |
||
| 999 |
_c116948 _d116948 |
||